Подробности
| 000 -МАРКЕР |
| контрольное поле |
02208nam0a2200397 4500 |
| 001 - ИДЕНТИФИКАТОР ЗАПИСИ |
| контрольное поле |
RU\NLR\bibl\1663892 |
| 005 - ИДЕНТИФИКАТОР ВЕРСИИ |
| контрольное поле |
20260406160914.0 |
| 010 ## - МЕЖДУНАРОДНЫЙ СТАНДАРТНЫЙ НОМЕР КНИГИ (ISBN) |
| Номер (ISBN) |
978-5-902490-06-7 |
| 021 ## - НОМЕР ГОСУДАРСТВЕННОЙ РЕГИСТРАЦИИ |
| Код страны |
Российская Федерация |
| Номер |
2010-51954 |
| Номер Листа государственной регистраци |
3423 |
| 035 ## - ДРУГИЕ СИСТЕМНЫЕ НОМЕРА |
| Идентификатор записи |
(nilc)RSL-KNO-004704182 |
| 035 ## - ДРУГИЕ СИСТЕМНЫЕ НОМЕРА |
| Идентификатор записи |
(NLR Aleph) 001655173 |
| 100 ## - ДАННЫЕ ОБЩЕЙ ОБРАБОТКИ |
| Данные общей обработки |
20100705d2010 |||y0rusy50 ca |
| 101 1# - ЯЗЫК РЕСУРСА |
| Язык текста, звукозаписи и т.д. |
русский |
| Язык оригинала |
немецкий |
| 102 ## - СТРАНА ПУБЛИКАЦИИ ИЛИ ПРОИЗВОДСТВА |
| Страна публикации |
Российская Федерация |
| 105 ## - ПОЛЕ КОДИРОВАННЫХ ДАННЫХ: ТЕКСТОВЫЕ МАТЕРИАЛЫ, МОНОГРАФИЧЕСКИЕ |
| Кодированные данные о монографическом текстовом документе |
a ||||||||| |
| 200 1# - ЗАГЛАВИЕ И СВЕДЕНИЯ ОБ ОТВЕТСТВЕННОСТИ |
| Основное заглавие |
Антропософия как космософия |
| Сведения, относящиеся к заглавию |
двадцать две лекции единого курса, Дорнах, 23 сентября - 13 ноября 1921 года |
| -- |
[сборник] |
| Первые сведения об ответственности |
Рудольф Штайнер |
| Последующие сведения об ответственности |
пер. с нем. Л. Б. Памфиловой |
| 210 ## - ПУБЛИКАЦИЯ, РАСПРОСТРАНЕНИЕ И ДР. |
| Место издания, распространения и т.д. |
Москва |
| Имя издателя, распространителя и т. д. |
Титурель |
| Место издания, распространения и т.д. |
Санкт-Петербург |
| Имя издателя, распространителя и т. д. |
Деметра |
| Дата издания, распространения и т.д. |
2010 |
| 215 ## - ФИЗИЧЕСКАЯ ХАРАКТЕРИСТИКА |
| Специфическое обозначение материала и объем |
373, [8] с. |
| Другие сведения о физической характеристике |
ил. |
| Размеры |
22 |
| 225 1# - СЕРИЯ |
| Основное заглавие серии |
Полное собрание трудов |
| Обозначение тома |
Т. 207-208 |
| 327 1# - ПРИМЕЧАНИЯ О СОДЕРЖАНИИ |
| Текст примечания |
Содерж.: Характерные черты человека в земной и космической сферах; Формирование человека как результат космических воздействий |
| 455 #1 - ОРИГИНАЛ, С КОТОРОГО СДЕЛАНА КОПИЯ |
| Встроенное поле |
010$a3-7274-2070-7 |
| -- |
2000#$aAntroposophie als Kosmosophie. Erster Teil |
| -- |
210##$aDornach$cRudolf Steiner$d1990 |
| -- |
700#0$aSteiner, Rudolf |
| Заглавие |
Antroposophie als Kosmosophie. Erster Teil |
| Автор |
Steiner, Rudolf |
| 455 #1 - ОРИГИНАЛ, С КОТОРОГО СДЕЛАНА КОПИЯ |
| Встроенное поле |
010$a3-7274-2080-7 |
| -- |
2000#$aAntroposophie als Kosmosophie. ZweiterTeil |
| -- |
210##$aDornach$cRudolf Steiner$d1992 |
| -- |
700#0$aSteiner, Rudolf |
| Заглавие |
Antroposophie als Kosmosophie. ZweiterTeil |
| Автор |
Steiner, Rudolf |
| 606 1# - НАИМЕНОВАНИЕ ТЕМЫ КАК ПРЕДМЕТ |
| Наименование темы |
Антропософия |
| Системный номер авторитетной/нормативной записи |
994416 |
| Идентификатор авторитетной/нормативной записи |
RU\NLR\auth\6658306 |
| 686 ## - ИНДЕКСЫ ДРУГИХ КЛАССИФИКАЦИЙ |
| Индекс |
Ю3(4Ш)6-676Штайнер Р.-00 |
| Код системы |
|
| 686 ## - ИНДЕКСЫ ДРУГИХ КЛАССИФИКАЦИЙ |
| Индекс |
Э391.4,0 |
| Код системы |
|
| 686 ## - ИНДЕКСЫ ДРУГИХ КЛАССИФИКАЦИЙ |
| Индекс |
Э391.7 |
| 686 ## - ИНДЕКСЫ ДРУГИХ КЛАССИФИКАЦИЙ |
| Индекс |
Ю3(4Ш)6-676 |
| 700 #1 - ИМЯ ЛИЦА - ПЕРВИЧНАЯ ОТВЕТСТВЕННОСТЬ |
| Код отношения |
Автор |
| Материалы, к которым относится поле |
rus |
| Графика поля |
Кириллица |
| Начальный элемент ввода |
Штайнер |
| Часть имени, кроме начального элемента ввода |
Р. |
| Даты |
1861-1925 |
| Расширение инициалов личного имени |
Рудольф |
| Идентификатор авторитетной/нормативной записи |
RU\NLR\auth\778571 |
| Системный номер авторитетной/нормативной записи |
118473 |
| 801 #0 - ИСТОЧНИК ЗАПИСИ |
| Страна |
Российская Федерация |
| Организация |
РГБ |
| Дата составления |
20100705 |
| Правила каталогизации |
rcr |
| 801 #1 - ИСТОЧНИК ЗАПИСИ |
| Страна |
Российская Федерация |
| Организация |
РГБ |
| Дата составления |
20100705 |
| 801 #2 - ИСТОЧНИК ЗАПИСИ |
| Страна |
Российская Федерация |
| Организация |
NLR |
| Дата составления |
20100318 |
| Правила каталогизации |
rcr |
| 942 ## - ДОПОЛНИТЕЛЬНЫЕ ЭЛЕМЕНТЫ ЗАПИСИ (АБИС) |
| Тип экземпляра АБИС |
Книга |
| 980 ## - КОЛЛЕКЦИЯ |
| Название коллекции |
Национальная библиография |